000 00303nam a2200121Ia 4500
005 20251222142006.0
008 251222s9999||||xx |||||||||||||| ||spa||
082 _a610.73/G22
100 _aGarcía de Eggerstedt, Gloria
245 0 _aEducación Sanitaria en Enfermería
264 _bUSMP
942 _cLIB
999 _c10184
_d10184